| 000 | 00591cam a2200205 4500 | ||
|---|---|---|---|
| 001 | D2480 | ||
| 008 | 090401t1929 xxu||||| |||| 00| 0 eng d | ||
| 035 | _a(Sirsi) u69248 | ||
| 041 | _aeng | ||
| 050 | _a511.4 | ||
| 100 | _aClendinning, J. | ||
| 245 | _aNotes on the application of the method of least squares to the adjustment of triangulation and level and traverse networks | ||
| 260 |
_aAccra _bGold Coast Survey Department _c1929 |
||
| 300 | _a81p. tables. 33cm | ||
| 350 | _a0.5 | ||
| 490 |
_aProfessional Paper _v1 |
||
| 700 | _aYates, F. | ||
| 942 | _n0 | ||
| 948 | _c04/03/1997 | ||
| 999 |
_c95174 _d95174 |
||